[Event "USA ch Grupo A"]
[Site "San Diego USA"]
[Date "2006.03.02"]
[Round "1.7"]
[White "Stripunsky, Alexander"]
[Black "Fernandez, Daniel"]
[Result "1-0"]
[WhiteElo "2564"]
[BlackElo "2423"]
[PlyCount "59"]
[EventDate "2006.03.02"]
[EventType "swiss"]
[EventRounds "9"]
[EventCountry "USA"]
[Source "lmi"]
[SourceDate "2006.03.13"]

1. e4 e5 2. Nf3 Nc6 3. Bb5 a6 4. Ba4 Nf6 5. d3 d6 6. c3 Bd7 7. Nbd2 g6 8. Nf1
Bg7 9. Bg5 O-O 10. Ne3 Qe8 11. h4 h5 12. Bb3 Rc8 13. Bxf6 Bxf6 14. g4 hxg4 15.
Nd2 Na5 16. Nxg4 Bg7 17. Bc2 f5 18. Ne3 f4 19. Nd5 Qd8 20. Qf3 c6 21. Nb4 d5
22. O-O-O d4 23. Rdg1 dxc3 24. bxc3 Rf6 25. h5 Qe7 26. hxg6 Qc5 27. Rh7 Rxg6
28. Rxg6 Kxh7 29. Qh5+ Kg8 30. Nb3 1-0

[Event "USA ch Grupo A"]
[Site "San Diego USA"]
[Date "2006.03.02"]
[Round "1.8"]
[White "Schneider, Igor"]
[Black "Kudrin, Sergey"]
[Result "1/2-1/2"]
[WhiteElo "2376"]
[BlackElo "2554"]
[PlyCount "62"]
[EventDate "2006.03.02"]
[EventType "swiss"]
[EventRounds "9"]
[EventCountry "USA"]
[Source "lmi"]
[SourceDate "2006.03.13"]

1. e4 c5 2. Nf3 d6 3. d4 cxd4 4. Nxd4 Nf6 5. Nc3 g6 6. Be3 Bg7 7. f3 a6 8. Qd2
b5 9. O-O-O Bb7 10. g4 h5 11. g5 Nfd7 12. Bd3 Nc6 13. Nxc6 Bxc6 14. Ne2 O-O 15.
Bd4 Bxd4 16. Nxd4 Bb7 17. Kb1 Rc8 18. Rhe1 Re8 19. Bf1 Nc5 20. Bh3 Rb8 21. Ne2
b4 22. Nf4 a5 23. Rg1 Kg7 24. Qe3 e5 25. Nd5 Bxd5 26. Rxd5 Qc7 27. Rgd1 Rb6 28.
Qd2 Nb7 29. Rf1 Nc5 30. Rd1 Nb7 31. Rf1 Nc5 1/2-1/2

[Event "USA ch Grupo A"]
[Site "San Diego USA"]
[Date "2006.03.02"]
[Round "1.10"]
[White "Baginskaite, Camilla"]
[Black "Dlugy, Maxim"]
[Result "0-1"]
[WhiteElo "2299"]
[BlackElo "2531"]
[PlyCount "110"]
[EventDate "2006.03.02"]
[EventType "swiss"]
[EventRounds "9"]
[EventCountry "USA"]
[Source "lmi"]
[SourceDate "2006.03.13"]

1. d4 d5 2. c4 e6 3. Nc3 dxc4 4. e4 c5 5. Nf3 cxd4 6. Qxd4 Qxd4 7. Nxd4 a6 8.
Bxc4 b5 9. Be2 Bb7 10. a3 Nf6 11. f3 Nbd7 12. Be3 Bd6 13. Kf2 Ke7 14. Nb3 Rac8
15. Na5 Ba8 16. Rac1 Rc7 17. Na2 Rhc8 18. g3 Rc2 19. Bd4 e5 20. Rxc2 Rxc2 21.
Bc3 Bxa3 22. bxa3 Rxa2 23. Rd1 Kd8 24. Bb4 Kc7 25. Rc1+ Kb6 26. Rc8 Bb7 27. Rc1
Nb8 28. Nb3 Nc6 29. Bc5+ Kc7 30. Rd1 Rc2 31. Ke3 Nd7 32. Bd6+ Kb6 33. Bb4 Bc8
34. Rd6 Ndb8 35. Kd3 Rb2 36. Bd1 Kc7 37. Kc3 Rxh2 38. Rd3 Nxb4 39. axb4 h5 40.
f4 exf4 41. gxf4 Bg4 42. Nc5 Bxd1 43. Rxd1 Rh3+ 44. Kb2 h4 45. Rg1 Rg3 46. Rc1
Nc6 47. Nxa6+ Kb6 48. Nc5 Nxb4 49. Nd7+ Kb7 50. Nc5+ Ka7 51. Ra1+ Kb6 52. Nd7+
Kb7 53. Nc5+ Kc6 54. Rc1 Rg2+ 55. Kb3 Rc2 0-1

[Event "USA ch Grupo A"]
[Site "San Diego USA"]
[Date "2006.03.02"]
[Round "1.13"]
[White "Gurevich, Dmitry"]
[Black "Epstein, Esther"]
[Result "1-0"]
[WhiteElo "2503"]
[BlackElo "2178"]
[PlyCount "49"]
[EventDate "2006.03.02"]
[EventType "swiss"]
[EventRounds "9"]
[EventCountry "USA"]
[Source "lmi"]
[SourceDate "2006.03.13"]

1. d4 Nf6 2. c4 e6 3. Nc3 Bb4 4. e3 O-O 5. Bd3 d5 6. cxd5 exd5 7. Nge2 Re8 8.
O-O c6 9. f3 h6 10. a3 Ba5 11. b4 Bc7 12. e4 dxe4 13. fxe4 Bg4 14. e5 Nd5 15.
Nxd5 cxd5 16. h3 Bxe2 17. Qxe2 Bb6 18. Be3 a6 19. Qg4 Qc8 20. Qg3 Qd7 21. Kh1
Kf8 22. Rf6 Nc6 23. Rxh6 gxh6 24. Bxh6+ Ke7 25. Qg5+ 1-0

[Event "USA ch Grupo A"]
[Site "San Diego USA"]
[Date "2006.03.02"]
[Round "1.14"]
[White "Vicary, Elizabeth"]
[Black "Gonzalez, Renier"]
[Result "0-1"]
[WhiteElo "2107"]
[BlackElo "2470"]
[PlyCount "84"]
[EventDate "2006.03.02"]
[EventType "swiss"]
[EventRounds "9"]
[EventCountry "USA"]
[Source "lmi"]
[SourceDate "2006.03.13"]

1. e4 d5 2. exd5 Qxd5 3. Nc3 Qa5 4. d4 Nf6 5. Nf3 c6 6. Bc4 Bf5 7. Bd2 e6 8.
Nd5 Qd8 9. Nxf6+ gxf6 10. Bb3 Qc7 11. Qe2 Nd7 12. Nh4 Bg6 13. O-O-O O-O-O 14.
g3 Nb6 15. Ba5 c5 16. d5 e5 17. Nxg6 hxg6 18. h4 f5 19. c4 e4 20. h5 Bg7 21.
Kb1 Kb8 22. Rh3 Qe7 23. Rdh1 g5 24. Bd2 Bd4 25. Bc2 Rde8 26. Re1 Qf6 27. Bc1
Nc8 28. g4 Nd6 29. Re3 fxg4 30. Qxg4 Bxe3 31. Bxe3 Nxc4 32. Bc1 Qxf2 33. Rxe4
Nd2+ 34. Bxd2 Qxd2 35. Qf5 a6 36. a3 Rxe4 37. Bxe4 Qf4 38. Qxf4+ gxf4 39. Bf3
Rg8 40. Kc2 Rg3 41. Bd1 f3 42. Kd2 f2 0-1

[Event "USA ch Grupo A"]
[Site "San Diego USA"]
[Date "2006.03.02"]
[Round "1.15"]
[White "Cottrell, Kelly"]
[Black "Schneider, Dmitry"]
[Result "0-1"]
[WhiteElo "1887"]
[BlackElo "2486"]
[PlyCount "74"]
[EventDate "2006.03.02"]
[EventType "swiss"]
[EventRounds "9"]
[EventCountry "USA"]
[Source "lmi"]
[SourceDate "2006.03.13"]

1. d4 Nf6 2. c4 c5 3. d5 b5 4. Nd2 Qa5 5. Qb3 bxc4 6. Qxc4 Ba6 7. Qb3 c4 8. Qf3
Nxd5 9. e4 Nb4 10. Qd1 N8c6 11. Ngf3 Rb8 12. a3 c3 13. Nb3 cxb2 14. Nxa5 bxa1=Q
15. Nb3 Qc3+ 16. Qd2 Nc2+ 17. Kd1 Qxb3 18. Qxc2 Qxc2+ 19. Kxc2 Bxf1 20. Rxf1 e5
21. Bb2 f6 22. Nd2 Bc5 23. f4 exf4 24. Rxf4 Be3 25. Rg4 Bxd2 26. Rxg7 Be3 27.
Bxf6 Bd4 28. Bxd4 Nxd4+ 29. Kd3 Ne6 30. Rg4 Ke7 31. Kc4 Rhc8+ 32. Kd3 Rb3+ 33.
Kd2 Rf8 34. Kc2 Nd4+ 35. Kd2 Rf2+ 36. Ke1 Re2+ 37. Kd1 Rb1# 0-1

[Event "USA ch Grupo A"]
[Site "San Diego USA"]
[Date "2006.03.05"]
[Round "3.6"]
[White "Gurevich, Dmitry"]
[Black "Dlugy, Maxim"]
[Result "1-0"]
[WhiteElo "2503"]
[BlackElo "2531"]
[PlyCount "105"]
[EventDate "2006.03.02"]
[EventType "swiss"]
[EventRounds "9"]
[EventCountry "USA"]
[Source "lmi"]
[SourceDate "2006.03.13"]

1. c4 c5 2. Nf3 Nf6 3. d4 cxd4 4. Nxd4 d5 5. cxd5 Nxd5 6. e4 Nb4 7. Bb5+ Bd7 8.
Bc4 N8c6 9. Nxc6 Nxc6 10. O-O g6 11. Qb3 e6 12. Rd1 Qc7 13. Na3 a6 14. Be3 b5
15. Bxb5 axb5 16. Nxb5 Qb8 17. Bb6 Qxb6 18. Nd6+ Bxd6 19. Qxb6 Ke7 20. e5 Bxe5
21. Qb7 Rad8 22. Rac1 Nb8 23. f4 Bf6 24. Rc7 Ke8 25. a4 Kf8 26. a5 Kg7 27. a6
Bc6 28. Rxf7+ Kh6 29. Rxd8 Bxb7 30. Rxh8 Bxh8 31. axb7 Bxb2 32. Kf2 g5 33. Rf8
Bd4+ 34. Kf3 Ba7 35. Rf6+ Kg7 36. fxg5 Nc6 37. Rf4 Bb8 38. Ra4 Ne5+ 39. Ke2 Kg6
40. h4 Kh5 41. g3 Kg6 42. Rf4 Nd7 43. Rd4 Nc5 44. Kf3 Be5 45. Rb4 Nd7 46. Rc4
Kf7 47. Rc8 Bd6 48. h5 Be5 49. Kg4 Kg7 50. Kh4 Nb8 51. Rc5 Bd6 52. Rc3 Be7 53.
Rc7 1-0

[Event "USA ch Grupo A"]
[Site "San Diego USA"]
[Date "2006.03.05"]
[Round "3.7"]
[White "Stripunsky, Alexander"]
[Black "Bercys, Salvijus"]
[Result "1/2-1/2"]
[WhiteElo "2564"]
[BlackElo "2358"]
[PlyCount "71"]
[EventDate "2006.03.02"]
[EventType "swiss"]
[EventRounds "9"]
[EventCountry "USA"]
[Source "lmi"]
[SourceDate "2006.03.13"]

1. e4 c5 2. Nf3 e6 3. c3 Nf6 4. e5 Nd5 5. Bc4 Nc6 6. O-O d6 7. d4 dxe5 8. dxe5
Be7 9. Qe2 a6 10. Rd1 b5 11. Bd3 c4 12. Be4 Ra7 13. Bxd5 exd5 14. Be3 Rb7 15.
Nd4 Nxe5 16. Bh6 Bf6 17. Nc6 Qd6 18. Nxe5 Qxe5 19. Qxe5+ Bxe5 20. Rxd5 Bxc3 21.
Nxc3 gxh6 22. Rd6 Rd7 23. Re1+ Kd8 24. Rxh6 Re8 25. Kf1 b4 26. Rxe8+ Kxe8 27.
Ne4 Rd1+ 28. Ke2 Rb1 29. Nd6+ Kd8 30. Nxc4 Be6 31. Kd3 Bxc4+ 32. Kxc4 Rxb2 33.
Rxa6 Rxf2 34. g3 Rxh2 35. Kxb4 h5 36. a4 1/2-1/2

[Event "USA ch Grupo A"]
[Site "San Diego USA"]
[Date "2006.03.05"]
[Round "3.9"]
[White "Stein, Alan"]
[Black "Fernandez, Daniel"]
[Result "1/2-1/2"]
[WhiteElo "2415"]
[BlackElo "2423"]
[PlyCount "141"]
[EventDate "2006.03.02"]
[EventType "swiss"]
[EventRounds "9"]
[EventCountry "USA"]
[Source "lmi"]
[SourceDate "2006.03.13"]

1. e4 e5 2. Nf3 Nc6 3. Bb5 Nf6 4. O-O Nxe4 5. d4 Nd6 6. Bxc6 dxc6 7. dxe5 Nf5
8. Qxd8+ Kxd8 9. Nc3 h6 10. h3 Ne7 11. Bd2 Be6 12. Rad1 Kc8 13. Nd4 Bc4 14.
Rfe1 c5 15. Nf3 b6 16. Ne2 Bd5 17. Nh2 Nf5 18. Bc3 Bc6 19. Nf4 Be7 20. e6 Bd6
21. Be5 f6 22. Bxd6 Nxd6 23. Ng6 Re8 24. f3 Nf5 25. c3 Ne7 26. Nf4 Kb7 27. Nf1
Rad8 28. Rxd8 Rxd8 29. Nh5 Rg8 30. Ne3 Be8 31. Nf4 c6 32. Rd1 Kc7 33. Ne2 f5
34. g4 Rf8 35. Ng3 f4 36. Nef5 fxg3 37. Nxe7 g6 38. Kg2 Rf6 39. Re1 Rf8 40. Rd1
Rf6 41. Re1 Rf8 42. Kxg3 Kd6 43. Nc8+ Kc7 44. Rd1 Rf6 45. Nd6 Rxe6 46. Nxe8+
Rxe8 47. Kf2 g5 48. Rd2 a5 49. Re2 Rd8 50. Re7+ Kd6 51. Rh7 Ke5 52. Ke3 Rd6 53.
Re7+ Kd5 54. Re4 b5 55. f4 gxf4+ 56. Rxf4 Re6+ 57. Kd2 c4 58. Rf5+ Ke4 59. a4
Rd6+ 60. Ke2 Rd3 61. Rh5 bxa4 62. Rxh6 a3 63. bxa3 Rxc3 64. Rxc6 Kd5 65. Ra6
Rxa3 66. h4 Ra2+ 67. Ke3 Ra3+ 68. Kf4 c3 69. Ke3 Ra4 70. Kd3 Rxg4 71. Rxa5+
1/2-1/2

[Event "USA ch Grupo A"]
[Site "San Diego USA"]
[Date "2006.03.05"]
[Round "3.14"]
[White "Kleiman, Jake"]
[Black "Florean, Andrei"]
[Result "0-1"]
[WhiteElo "2279"]
[BlackElo "2426"]
[PlyCount "58"]
[EventDate "2006.03.02"]
[EventType "swiss"]
[EventRounds "9"]
[EventCountry "USA"]
[Source "lmi"]
[SourceDate "2006.03.13"]

1. e4 c5 2. Nf3 d6 3. d4 cxd4 4. Nxd4 Nf6 5. Nc3 a6 6. Bg5 e6 7. f4 Qc7 8. f5
Be7 9. fxe6 fxe6 10. Qd3 Nc6 11. O-O-O Ne5 12. Qh3 Nfg4 13. Qh5+ g6 14. Qh4
Bxg5+ 15. Qxg5 O-O 16. Rd2 b5 17. a3 Qc5 18. Kb1 Nc4 19. e5 Qxe5 20. Qxg4 Nxd2+
21. Ka2 Rf4 22. Qd1 Rxf1 23. Rxf1 Nxf1 24. Qf3 Qxd4 25. Qxa8 Qc4+ 26. Ka1 Nd2
27. g4 d5 28. Ne2 Qc7 29. Nd4 Qb7 0-1

[Event "USA ch Grupo A"]
[Site "San Diego USA"]
[Date "2006.03.05"]
[Round "3.15"]
[White "Cottrell, Kelly"]
[Black "Epstein, Esther"]
[Result "0-1"]
[WhiteElo "1887"]
[BlackElo "2178"]
[PlyCount "130"]
[EventDate "2006.03.02"]
[EventType "swiss"]
[EventRounds "9"]
[EventCountry "USA"]
[Source "lmi"]
[SourceDate "2006.03.13"]

1. d4 g6 2. c4 Bg7 3. Nc3 d6 4. e4 Nc6 5. Be3 e5 6. d5 Nce7 7. Bd3 f5 8. f3 Nf6
9. Nge2 f4 10. Bf2 g5 11. Nc1 Ng6 12. c5 g4 13. Be2 h5 14. Nb3 Bf8 15. Rc1 g3
16. Bg1 Nh4 17. Bf1 gxh2 18. Rxh2 Nd7 19. Bf2 Ng6 20. cxd6 Bxd6 21. Nb5 Nb6 22.
Nxd6+ cxd6 23. Nd2 h4 24. Qb3 O-O 25. Nc4 Nxc4 26. Bxc4 Rf7 27. Qd1 Bd7 28. Kf1
b5 29. Bb3 a5 30. Qe1 Rh7 31. Bd1 b4 32. Be2 Qg5 33. Bd1 h3 34. gxh3 Bxh3+ 35.
Ke2 Bf1+ 36. Qxf1 Rxh2 37. Kd3 Qg2 38. Qxg2 Rxg2 39. Rc2 Kf7 40. Rc7+ Kf6 41.
Rc2 Rh8 42. Re2 Rh1 43. Ba4 Rhh2 44. Rc2 Rxf2 45. Rc6 Rxf3+ 46. Kc4 Rxb2 47.
Rxd6+ Kg5 48. Re6 Rc3+ 49. Kb5 f3 50. Kb6 f2 51. Bb5 Rc1 52. d6 f1=Q 53. Bxf1
Rxf1 54. Kxa5 Rd1 55. Kb5 Rd4 56. Kc5 Rc2+ 57. Kb5 Rxa2 58. Kc6 Ra6+ 59. Kc5
Rdxd6 60. Re8 b3 61. Rb8 Rac6+ 62. Kb5 b2 63. Ka5 Ra6+ 64. Kb4 b1=Q+ 65. Kc4
Rac6# 0-1

[Event "USA ch Grupo A"]
[Site "San Diego USA"]
[Date "2006.03.05"]
[Round "3.16"]
[White "Vicary, Elizabeth"]
[Black "Zenyuk, Iryna"]
[Result "1/2-1/2"]
[WhiteElo "2107"]
[BlackElo "2194"]
[PlyCount "67"]
[EventDate "2006.03.02"]
[EventType "swiss"]
[EventRounds "9"]
[EventCountry "USA"]
[Source "lmi"]
[SourceDate "2006.03.13"]

1. e4 c5 2. Nf3 e6 3. b3 Nc6 4. Bb2 a6 5. g3 d6 6. Bg2 Nf6 7. Qe2 e5 8. h3 g6
9. O-O Bg7 10. c3 O-O 11. d4 exd4 12. cxd4 Re8 13. Nbd2 Nxe4 14. Nxe4 d5 15.
dxc5 dxe4 16. Nh2 Nd4 17. Bxd4 Qxd4 18. Rac1 f5 19. Rfd1 Qe5 20. Qe3 Be6 21. c6
bxc6 22. Rxc6 Rec8 23. Rdd6 Rxc6 24. Rxc6 Bd7 25. Rc1 h6 26. h4 Kh7 27. Bf1 a5
28. Rc5 Qd6 29. Bc4 Qd1+ 30. Nf1 Be8 31. Rc7 Kh8 32. Qc5 Qd4 33. Qe7 Qf6 34.
Ne3 1/2-1/2

[Event "USA ch Grupo A"]
[Site "San Diego USA"]
[Date "2006.03.09"]
[Round "7.7"]
[White "Friedel, Joshua E"]
[Black "Dlugy, Maxim"]
[Result "1-0"]
[WhiteElo "2455"]
[BlackElo "2531"]
[PlyCount "225"]
[EventDate "2006.03.02"]
[EventType "swiss"]
[EventRounds "9"]
[EventCountry "USA"]
[Source "lmi"]
[SourceDate "2006.03.13"]
[WhiteTeam "United States of America"]
[BlackTeam "United States of America"]
[WhiteTeamCountry "USA"]
[BlackTeamCountry "USA"]

1. e4 c6 2. d4 d5 3. exd5 cxd5 4. c4 Nf6 5. Nc3 e6 6. Nf3 Bb4 7. cxd5 Nxd5 8.
Qc2 Qc7 9. Bd2 Nd7 10. Bd3 Bxc3 11. bxc3 N5f6 12. O-O b6 13. Rae1 Bb7 14. Ne5
Nxe5 15. Rxe5 O-O 16. f4 Rac8 17. Rg5 Rfd8 18. Qb1 Bd5 19. Qe1 h6 20. Rg3 Re8
21. Qe5 Kh8 22. f5 Qxe5 23. dxe5 Ne4 24. Bxe4 Bxe4 25. f6 Rg8 26. Rf4 Bh7 27.
Rh3 g5 28. Rd4 Rc5 29. Rxh6 Rxe5 30. Bxg5 Rexg5 31. Rdh4 Rxg2+ 32. Kf1 R8g7 33.
fxg7+ Rxg7 34. Kf2 Kg8 35. Rh3 b5 36. Kf3 a5 37. Kf4 b4 38. c4 f6 39. Rxf6 Bf5
40. Re3 Rg4+ 41. Ke5 Rxc4 42. Rg3+ Kh7 43. Rf7+ Kh6 44. Rf8 Kh7 45. Ra8 Rh4 46.
Rg2 Rh3 47. Rd2 Kg6 48. Rg2+ Kh6 49. Rb2 Rh5 50. Kf6 Bg6 51. Kxe6 Rb5 52. Kd6
Be4 53. Re8 Rd5+ 54. Kc7 Bd3 55. Re3 Bc4 56. Kc6 Rf5 57. Rg3 a4 58. Rg4 Bd5+
59. Kd6 b3 60. a3 Bf3 61. Rxa4 Bd1 62. Rb4 Bc2 63. R4xb3 Bxb3 64. Rxb3 Ra5 65.
Rf3 Kg5 66. h3 Kh4 67. Kc6 Ra8 68. Kb6 Kg5 69. Kb5 Rb8+ 70. Kc4 Rc8+ 71. Kb3
Rb8+ 72. Ka2 Ra8 73. Rb3 Kh4 74. Kb2 Ra7 75. Rc3 Ra8 76. Ka2 Ra7 77. Kb3 Rb7+
78. Kc4 Rc7+ 79. Kb4 Rb7+ 80. Ka5 Ra7+ 81. Kb5 Ra8 82. a4 Rb8+ 83. Kc5 Rc8+ 84.
Kb4 Rb8+ 85. Ka3 Ra8 86. Rd3 Kg5 87. Rd4 Kf5 88. h4 Ke5 89. Rb4 Kd5 90. h5 Ra6
91. Rh4 Rh6 92. Kb4 Kc6 93. Kc4 Kc7 94. Kc5 Kd7 95. a5 Kc7 96. Rh1 Ra6 97. Kb5
Rh6 98. a6 Rb6+ 99. Ka5 Rh6 100. Rh2 Kb8 101. Kb5 Kc7 102. a7 Kb7 103. Kc5 Kxa7
104. Kd5 Kb7 105. Ke5 Kc7 106. Kf5 Kd7 107. Kg5 Rh8 108. h6 Ke6 109. h7 Kf7
110. Kh6 Ra8 111. Rf2+ Ke7 112. Kg7 Ra4 113. Re2+ 1-0

[Event "USA ch Grupo A"]
[Site "San Diego USA"]
[Date "2006.03.09"]
[Round "7.10"]
[White "Fernandez, Daniel"]
[Black "Kraai, Jesse"]
[Result "1-0"]
[WhiteElo "2423"]
[BlackElo "2443"]
[PlyCount "77"]
[EventDate "2006.03.02"]
[EventType "swiss"]
[EventRounds "9"]
[EventCountry "USA"]
[Source "lmi"]
[SourceDate "2006.03.13"]
[WhiteTeam "United States of America"]
[BlackTeam "United States of America"]
[WhiteTeamCountry "USA"]
[BlackTeamCountry "USA"]

1. e4 e6 2. d4 d5 3. e5 b6 4. c3 Qd7 5. Ne2 Ba6 6. g3 c5 7. Nf4 Bxf1 8. Kxf1
Nc6 9. h4 Rc8 10. Kg2 h5 11. Be3 g6 12. f3 Nge7 13. g4 Na5 14. b3 Nec6 15. a3
Bh6 16. Ra2 Qb7 17. Rb2 Qa6 18. Qd2 Bf8 19. Qf2 Nb8 20. Rd1 cxd4 21. cxd4 Be7
22. gxh5 gxh5 23. Bd2 Kd7 24. Nc3 b5 25. a4 bxa4 26. bxa4 Nc4 27. Rb5 Qc6 28.
Nd3 Na6 29. Bg5 Rhg8 30. f4 Nc7 31. Rc5 Bxc5 32. Nxc5+ Ke8 33. f5 Rb8 34. Kh1
Rb2 35. Qf4 exf5 36. Qxf5 Ne6 37. Rf1 Rxg5 38. Qxf7+ Kd8 39. Nxe6+ 1-0

[Event "USA ch Grupo A"]
[Site "San Diego USA"]
[Date "2006.03.09"]
[Round "7.12"]
[White "Bercys, Salvijus"]
[Black "Vicary, Elizabeth"]
[Result "1-0"]
[WhiteElo "2358"]
[BlackElo "2107"]
[PlyCount "49"]
[EventDate "2006.03.02"]
[EventType "swiss"]
[EventRounds "9"]
[EventCountry "USA"]
[Source "lmi"]
[SourceDate "2006.03.13"]
[WhiteTeam "United States of America"]
[BlackTeam "United States of America"]
[WhiteTeamCountry "USA"]
[BlackTeamCountry "USA"]

1. Nf3 Nf6 2. g3 c5 3. Bg2 Nc6 4. d3 d5 5. O-O Bf5 6. Nbd2 e6 7. a3 Be7 8. c4
O-O 9. b3 Nd7 10. Bb2 Bf6 11. Bxf6 Qxf6 12. Nh4 Bg4 13. cxd5 Nd4 14. f3 Bh5 15.
e3 g5 16. Ne4 Qe5 17. dxe6 fxe6 18. g4 gxh4 19. gxh5 Nf5 20. Qe2 Qg7 21. Kh1
Qh6 22. f4 e5 23. Bh3 exf4 24. Bxf5 Rxf5 25. Qg4+ 1-0

[Event "USA ch Grupo A"]
[Site "San Diego USA"]
[Date "2006.03.09"]
[Round "7.15"]
[White "Kleiman, Jake"]
[Black "Zenyuk, Iryna"]
[Result "0-1"]
[WhiteElo "2279"]
[BlackElo "2194"]
[PlyCount "74"]
[EventDate "2006.03.02"]
[EventType "swiss"]
[EventRounds "9"]
[EventCountry "USA"]
[Source "lmi"]
[SourceDate "2006.03.13"]
[WhiteTeam "United States of America"]
[BlackTeam "United States of America"]
[WhiteTeamCountry "USA"]
[BlackTeamCountry "USA"]

1. e4 c5 2. Nf3 e6 3. d3 Nc6 4. g3 g6 5. Bg2 Bg7 6. O-O Nge7 7. Re1 d6 8. c3
O-O 9. d4 cxd4 10. cxd4 Qb6 11. d5 Bxb2 12. Bxb2 Qxb2 13. dxc6 Qxa1 14. Qb3
Nxc6 15. Nc3 Nd4 16. Rxa1 Nxb3 17. axb3 Bd7 18. Rd1 Rac8 19. Rxd6 Rxc3 20. Rxd7
Rxb3 21. Nd2 Rb2 22. e5 b5 23. Bh3 a5 24. Kg2 a4 25. Ne4 a3 26. Ra7 a2 27. Nd6
Kh8 28. Bg4 b4 29. Nc4 Rc2 30. Ne3 b3 31. Bd1 b2 32. Rxa2 Rxf2+ 33. Kxf2 b1=Q
34. Re2 Rd8 35. Bc2 Qc1 36. Nf1 Rd5 37. Bb3 Qc5+ 0-1

[Event "USA ch Grupo A"]
[Site "San Diego USA"]
[Date "2006.03.09"]
[Round "7.16"]
[White "Schneider, Igor"]
[Black "Cottrell, Kelly"]
[Result "1-0"]
[WhiteElo "2376"]
[BlackElo "1887"]
[PlyCount "87"]
[EventDate "2006.03.02"]
[EventType "swiss"]
[EventRounds "9"]
[EventCountry "USA"]
[Source "lmi"]
[SourceDate "2006.03.13"]
[WhiteTeam "United States of America"]
[BlackTeam "United States of America"]
[WhiteTeamCountry "USA"]
[BlackTeamCountry "USA"]

1. e4 Nf6 2. e5 Nd5 3. d4 d6 4. c4 Nb6 5. exd6 cxd6 6. Nc3 Nc6 7. h3 g6 8. Nf3
Bg7 9. Be3 O-O 10. Rc1 Nd7 11. Be2 b6 12. d5 Nce5 13. Nd4 Nb8 14. f4 Ned7 15.
f5 Ne5 16. O-O gxf5 17. Nxf5 Bxf5 18. Rxf5 Kh8 19. Ne4 Nbd7 20. Qc2 Rg8 21. Rh5
Ng6 22. Rxh7+ Kxh7 23. Ng5+ Kh8 24. Nxf7+ Kh7 25. Nxd8 Raxd8 26. Qf5 Bxb2 27.
Rf1 Bf6 28. Qh5+ Kg7 29. Bh6+ Kf7 30. Bg4 Ndf8 31. Bxf8 Kxf8 32. Be6 Kg7 33.
Bxg8 Rxg8 34. Kh1 Kf8 35. Qf5 Ne5 36. g4 Rh8 37. g5 Ke8 38. gxf6 exf6 39. Qc8+
Kf7 40. Qxh8 Nd7 41. Qd8 Ne5 42. Rxf6+ Kg7 43. Qf8+ Kh7 44. Rh6# 1-0

[Event "USA ch Grupo B"]
[Site "San Diego USA"]
[Date "2006.03.02"]
[Round "1.5"]
[White "Muhammad, Stephen A"]
[Black "Ivanov, Alexander V"]
[Result "1/2-1/2"]
[WhiteElo "2377"]
[BlackElo "2606"]
[PlyCount "52"]
[EventDate "2006.03.02"]
[EventType "swiss"]
[EventRounds "9"]
[EventCountry "USA"]
[Source "lmi"]
[SourceDate "2006.03.13"]
[WhiteTeamCountry "USA"]
[BlackTeamCountry "USA"]

1. d4 b6 2. e4 Bb7 3. Bd3 Nf6 4. Nd2 c5 5. Ngf3 cxd4 6. Nxd4 d6 7. O-O g6 8. a4
e5 9. Nb5 a6 10. Nc3 Nbd7 11. Nc4 Qc7 12. Qe2 Bg7 13. Be3 O-O 14. a5 b5 15. Nb6
Nxb6 16. Bxb6 Qe7 17. Rfd1 Rac8 18. f3 Nd7 19. Bf2 Nc5 20. Qd2 Ne6 21. Ne2 Rfd8
22. Qb4 Nc5 23. Nc3 Ne6 24. Ne2 Nc5 25. Nc3 Ne6 26. Ne2 Nc5 1/2-1/2

[Event "USA ch Grupo B"]
[Site "San Diego USA"]
[Date "2006.03.02"]
[Round "1.7"]
[White "Ginsburg, Mark"]
[Black "Christiansen, Larry Mark"]
[Result "1/2-1/2"]
[WhiteElo "2367"]
[BlackElo "2546"]
[PlyCount "91"]
[EventDate "2006.03.02"]
[EventType "swiss"]
[EventRounds "9"]
[EventCountry "USA"]
[Source "lmi"]
[SourceDate "2006.03.13"]
[WhiteTeamCountry "USA"]
[BlackTeamCountry "USA"]

1. Nf3 e6 2. g3 d5 3. Bg2 Nf6 4. O-O b6 5. d3 Bb7 6. Nbd2 Nbd7 7. e4 dxe4 8.
Ng5 Be7 9. Ngxe4 Qc8 10. b3 O-O 11. Bb2 Nxe4 12. Nxe4 f5 13. Nd2 e5 14. Nc4
Bxg2 15. Kxg2 Qb7+ 16. Qf3 Qxf3+ 17. Kxf3 Bf6 18. Kg2 Rae8 19. a4 Re6 20. Rfe1
Rfe8 21. Rad1 Nf8 22. Ne3 g6 23. Nc4 Kf7 24. h4 a6 25. Nd2 h6 26. h5 gxh5 27.
Rh1 h4 28. Nc4 Rc6 29. f4 exf4 30. Bxf6 Rxf6 31. gxf4 Re2+ 32. Kf3 Rxc2 33. Rc1
Rxc1 34. Rxc1 Ke7 35. Ne5 c5 36. a5 Nd7 37. b4 Ke6 38. axb6 Nxb6 39. bxc5 Nd5
40. c6 Nc7 41. Rg1 Rf8 42. Rg6+ Kd5 43. Rxh6 a5 44. Rh7 Nb5 45. Ke3 h3 46. Rxh3
1/2-1/2

[Event "USA ch Grupo B"]
[Site "San Diego USA"]
[Date "2006.03.02"]
[Round "1.10"]
[White "Perelshteyn, Eugene"]
[Black "Abrahamyan, Tatev"]
[Result "1-0"]
[WhiteElo "2522"]
[BlackElo "2254"]
[PlyCount "147"]
[EventDate "2006.03.02"]
[EventType "swiss"]
[EventRounds "9"]
[EventCountry "USA"]
[Source "lmi"]
[SourceDate "2006.03.13"]
[WhiteTeamCountry "USA"]
[BlackTeamCountry "USA"]

1. e4 e6 2. d4 d5 3. Nc3 Bb4 4. e5 Ne7 5. Bd2 b6 6. Nb5 Bxd2+ 7. Qxd2 Ba6 8.
Qc3 Bxb5 9. Bxb5+ c6 10. Bd3 Nd7 11. Qd2 c5 12. c3 O-O 13. Nf3 f6 14. exf6 Rxf6
15. O-O-O c4 16. Bc2 b5 17. Rde1 a5 18. Bxh7+ Kxh7 19. Ng5+ Kg8 20. Nxe6 Qb6
21. Nxg7 Ng6 22. Nh5 Rf7 23. Qg5 Ndf8 24. Re2 b4 25. Qxd5 Rd8 26. Qxc4 bxc3 27.
bxc3 Rb8 28. Kc2 Qb2+ 29. Kd3 Qb7 30. f3 Rc8 31. Qb3 Qa6+ 32. Kd2 a4 33. Qd5
Rb8 34. Rhe1 Rb5 35. Qc4 Qb7 36. Nf6+ Kh8 37. Ne4 Nf4 38. Rf2 Rb2+ 39. Ke3
Nxg2+ 40. Rxg2 Rxg2 41. Qxa4 Qd5 42. Qe8 Rxa2 43. Rg1 Ra8 44. Qe5+ Qxe5 45.
dxe5 Ra5 46. f4 Ne6 47. Nf6 Rg7 48. Rb1 Rga7 49. Rg1 Rg7 50. Rb1 Rga7 51. Rb8+
Kg7 52. Ne8+ Kg6 53. Nd6 Ng7 54. Ke4 Ra4+ 55. c4 Ra1 56. f5+ Nxf5 57. Nxf5 Re1+
58. Ne3 Ra3 59. Rg8+ Kf7 60. Rg3 Ke6 61. Rg6+ Ke7 62. Rg3 Ke6 63. Kd4 Rh1 64.
Rg6+ Kf7 65. Rf6+ Ke8 66. Nd5 Rd1+ 67. Kc5 Ra5+ 68. Kc6 Ra6+ 69. Nb6 Re1 70.
Kb5 Ra2 71. e6 Rxh2 72. Kc5 Rc1 73. Rg6 Rh8 74. Kd6 1-0

[Event "USA ch Grupo B"]
[Site "San Diego USA"]
[Date "2006.03.02"]
[Round "1.16"]
[White "Milman, Lev"]
[Black "Christiansen, Natasha"]
[Result "1-0"]
[WhiteElo "2478"]
[BlackElo "2003"]
[PlyCount "51"]
[EventDate "2006.03.02"]
[EventType "swiss"]
[EventRounds "9"]
[EventCountry "USA"]
[Source "lmi"]
[SourceDate "2006.03.13"]
[WhiteTeamCountry "USA"]
[BlackTeamCountry "USA"]

1. e4 c5 2. Nf3 g6 3. c3 Bg7 4. d4 cxd4 5. cxd4 d5 6. e5 e6 7. Nc3 Ne7 8. h4 h5
9. Bg5 O-O 10. Rc1 Nbc6 11. Bd3 Qa5 12. a3 a6 13. Qd2 b5 14. Kf1 Bd7 15. Bf6
Rfe8 16. Qg5 b4 17. axb4 Qxb4 18. Ne2 a5 19. Nf4 Nf5 20. Bxf5 exf5 21. Bxg7
Kxg7 22. Nxh5+ Kf8 23. Nf6 Qb5+ 24. Kg1 Red8 25. h5 Ne7 26. Qh6# 1-0